000 00544nam a2200145 4500
999 _c16261
_d16261
008 210907b ||||| |||| 00| 0 eng d
022 _a0732-8435
082 _aDPer 657.05 C33 Apr - Sept 2016, v86 n4-9
100 _aAfterman, Allan B.
_942708
245 _aThe tale of internal control over financial reporting and the SEC's "broken windows" policy/
_cAllan B. Afterman.
260 _aNew York:
_bThe New York State Society of CPA,
_c©2016.
300 _av86 n5, pages 60-61;
_c28 cm.
650 _aFinance
_xReport
_942965
942 _2ddc
_cPER